00806nam a2200229Ii 45000010005000000030009000050080041000140200015000550400033000700410008001030840011001111000026001222450049001482640081001973000012002783360026002903370028003163380027003449400050003719990017004219520138004382133CO-ViMGA241108s9999||||xx |||||||||||||| ||und|| a8888405119 aCO-ViMGAbspaerdacCO-ViMGA0 aspa aC VER41 aGiovanni Verga94738710aCavallería rusticana :bcuentos sicilianos 1a[Lugar de publicación no identificado] : Arci Solidarietà Cesenate, 2002 avolumen atextbtxt2rdacontent aunmediatedbn2rdamedia avolumebnc2rdacarrier aidficha_siabuc: 2088. -- ficha_no_siabuc:2133 c41971d41971 001040708001aMEVIGERRbMEVIGERRcGENd2004-09-20hVol.1oC VER4pECA16586r2024-11-26 09:05:57tEj.1w2024-11-26yBKz2088 | 2489